Economía Básica

Bibliographic Details
Main Authors: Rodas Carpizo, Alejandro Roberto, Rodas Arroyo, Carlos Alberto
Format: Section = Libro
Language:Undetermined
Spanish
Published: México Lexus Editores 2008
Edition:5a.ed
Subjects:
LEADER 00522nam a2200205Ia 4500
008 240830s9999 xx 000 0 und d
020 |a 978-968-18-6681-5 
040 |a B-ESTELÍ- RUACS / 330 R685 
041 |a spa 
082 |a 330 R685  
100 1 |a Rodas Carpizo, Alejandro Roberto 
100 1 |b  Rodas Arroyo, Carlos Alberto 
245 1 0 |a Economía Básica 
250 |a 5a.ed 
260 |a México  |b Lexus Editores  |c 2008 
300 |a 248 p:il 
650 7 |a ECONOMIA 
942 |c BK  |2 ddc 
991 |a TEXTO 
999 |c 10720